[Event "7MCR_4D_2L_1S"]
[Site "?"]
[Date "2006.??.??"]
[Round "?"]
[White "Brichacek, Milan"]
[Black "Cipka, Ivan"]
[Result "0-1"]
[WhiteElo "2117"]
[BlackElo "2000"]
[PlyCount "74"]
[EventDate "2006.??.??"]
[EventType "corr"]
[EventRounds "2"]

1. e4 e5 2. Nf3 Nf6 3. d4 Nxe4 4. Bd3 d5 5. Nxe5 Nd7 6. Nxd7 Bxd7 7. O-O Qh4 8.
c4 O-O-O 9. c5 g5 10. Nc3 Bg7 11. g3 Qh3 12. Nxd5 Rhe8 13. Qf3 f5 14. Be3 Be6
15. Nb4 a5 16. a3 axb4 17. axb4 Bd5 18. Bxg5 Kb8 19. Bxd8 Nc3 20. Ra8+ Kxa8 21.
Bxc7 b5 22. Ra1+ Kb7 23. Bf1 Qxf1+ 24. Kxf1 Bxf3 25. bxc3 Kxc7 26. Ra7+ Bb7 27.
Ra2 Kc6 28. Ra7 Re7 29. Ra5 Kd5 30. f4 Kc4 31. Ra3 Bd5 32. Kf2 Kd3 33. Kf1 Kc2
34. g4 fxg4 35. Kf2 Bf6 36. Kg3 h5 37. c4 bxc4 0-1

[Event "7MCR_4D_2L_1S"]
[Site "?"]
[Date "2006.??.??"]
[Round "?"]
[White "Brichacek, Milan"]
[Black "Houdek, Vladimir"]
[Result "1/2-1/2"]
[WhiteElo "2117"]
[BlackElo "2146"]
[PlyCount "101"]
[EventDate "2006.??.??"]
[EventType "corr"]
[EventRounds "2"]

1. e4 e5 2. Nf3 Nc6 3. Bb5 a6 4. Ba4 Nf6 5. d3 d6 6. c3 g6 7. O-O Bg7 8. Nbd2
O-O 9. Re1 Bd7 10. Nf1 h6 11. Bd2 b5 12. Bc2 d5 13. a4 Be6 14. b4 d4 15. cxd4
Nxd4 16. axb5 Nxf3+ 17. Qxf3 axb5 18. Bc3 Nh5 19. g3 Qe7 20. Ne3 c5 21. Rxa8
Rxa8 22. Rb1 Ba2 23. Rb2 Nf6 24. Qe2 Qd6 25. bxc5 Qxc5 26. Bb4 Qd4 27. Bb3 Bxb3
28. Rxb3 Ra1+ 29. Nf1 Nh7 30. Qc2 Ng5 31. Bc3 Qc5 32. Qb2 Rd1 33. Rxb5 Qc7 34.
h4 Qd7 35. Qe2 Rxd3 36. Rb8+ Kh7 37. hxg5 Rxc3 38. gxh6 Bxh6 39. Qa2 Rc1 40.
Kg2 Kg7 41. Qa3 Rc8 42. Rxc8 Qxc8 43. Qe7 Qc3 44. Nh2 Qd4 45. Qb7 Bc1 46. Nf3
Qc3 47. Qb5 Bb2 48. g4 Qc2 49. Qb7 Bd4 50. Nxd4 exd4 51. Qd5 1/2-1/2

[Event "7MCR_4D_2L_1S"]
[Site "?"]
[Date "2006.??.??"]
[Round "?"]
[White "Brichacek, Milan"]
[Black "Kubecek, Jan"]
[Result "1/2-1/2"]
[WhiteElo "2117"]
[BlackElo "1931"]
[PlyCount "80"]
[EventDate "2006.??.??"]
[EventType "corr"]
[EventRounds "2"]

1. e4 c5 2. Nf3 e6 3. d4 cxd4 4. Nxd4 Nc6 5. Nc3 a6 6. Nxc6 bxc6 7. Bd3 d5 8.
O-O Nf6 9. Qe2 Be7 10. b3 O-O 11. Bb2 Bb7 12. Rad1 Qc7 13. Na4 dxe4 14. Bxe4
Nxe4 15. Qxe4 c5 16. Qg4 g6 17. Qh3 Rfd8 18. Qc3 f6 19. Qh3 e5 20. c4 Rxd1 21.
Rxd1 Rd8 22. Qe6+ Kf8 23. Qg4 Kf7 24. Nc3 f5 25. Qh3 Rxd1+ 26. Nxd1 Kg8 27. Qc3
Qd6 28. Ne3 f4 29. Nf1 Bf6 30. a3 Kf7 31. b4 Qc6 32. Qh3 h5 33. Nd2 Kg7 34.
bxc5 g5 35. Qf3 g4 36. Qxc6 Bxc6 37. f3 Kg6 38. Kf1 gxf3 39. gxf3 h4 40. h3 Bd7
1/2-1/2

[Event "7MCR_4D_2L_1S"]
[Site "?"]
[Date "2006.??.??"]
[Round "?"]
[White "Brichacek, Milan"]
[Black "Voboril, Pavel"]
[Result "1-0"]
[WhiteElo "2117"]
[BlackElo "2004"]
[PlyCount "51"]
[EventDate "2006.??.??"]
[EventType "corr"]
[EventRounds "2"]

1. e4 c5 2. Nf3 Nc6 3. d4 cxd4 4. Nxd4 Nf6 5. Nc3 d6 6. Bc4 Bd7 7. Bb3 g6 8.
O-O Bg7 9. Be3 O-O 10. h3 Na5 11. Re1 Rc8 12. Qd3 a6 13. Nd5 Nxb3 14. axb3 Nxd5
15. exd5 e5 16. dxe6 fxe6 17. c4 d5 18. Qd2 dxc4 19. Rad1 e5 20. Nf3 Bb5 21.
Qb4 Qc7 22. Rc1 Rf5 23. bxc4 Bc6 24. Nh2 Rd8 25. Ng4 e4 26. Bb6 1-0

[Event "7MCR_4D_2L_1S"]
[Site "?"]
[Date "2006.??.??"]
[Round "?"]
[White "Cipka, Ivan"]
[Black "Brichacek, Milan"]
[Result "1-0"]
[WhiteElo "2000"]
[BlackElo "2117"]
[PlyCount "121"]
[EventDate "2006.??.??"]
[EventType "corr"]
[EventRounds "2"]

1. e4 c5 2. Nf3 d6 3. d4 cxd4 4. Nxd4 Nf6 5. Nc3 a6 6. Be2 e5 7. Nb3 Be7 8. O-O
O-O 9. Be3 Be6 10. Nd5 Nbd7 11. Qd3 Bxd5 12. exd5 Ne8 13. Qf5 Ndf6 14. c4 b5
15. Rfd1 bxc4 16. Bxc4 a5 17. Rac1 a4 18. Nd2 Rb8 19. b3 Nc7 20. Nf1 axb3 21.
axb3 g6 22. Qf3 Qd7 23. h3 Nb5 24. Nd2 Nh5 25. Ne4 Na3 26. Bh6 Rfc8 27. Ba6
Rxc1 28. Rxc1 f5 29. Ng5 Bxg5 30. Bxg5 Nb5 31. Bxb5 Qxb5 32. Rc6 e4 33. Qc3
Qxd5 34. Rc8+ Rxc8 35. Qxc8+ Kg7 36. Qd7+ Kh8 37. b4 h6 38. Qd8+ Qg8 39. Bf6+
Nxf6 40. Qxf6+ Kh7 41. Qxd6 Qa2 42. Qc5 Qa3 43. Kh2 Kg8 44. h4 h5 45. Qd5+ Kg7
46. Qd7+ Kh6 47. Qe7 Qa4 48. Qf8+ Kh7 49. Qf7+ Kh6 50. Qg8 Qa1 51. Qf8+ Kh7 52.
Qe7+ Kg8 53. Qd6 Kf7 54. b5 Qa4 55. Qd7+ Kf6 56. Qd8+ Ke6 57. b6 Qc6 58. Qd4
Qb7 59. g3 Kf7 60. Kg1 Ke6 61. Qc4+ 1-0

[Event "7MCR_4D_2L_1S"]
[Site "?"]
[Date "2006.??.??"]
[Round "?"]
[White "Cipka, Ivan"]
[Black "Houdek, Vladimir"]
[Result "1-0"]
[WhiteElo "2000"]
[BlackElo "2146"]
[PlyCount "73"]
[EventDate "2006.??.??"]
[EventType "corr"]
[EventRounds "2"]

1. e4 e5 2. Nf3 Nc6 3. Bb5 a6 4. Ba4 Nf6 5. O-O Be7 6. Re1 b5 7. Bb3 d6 8. c3
O-O 9. d3 Na5 10. Bc2 c5 11. Qe2 Nc6 12. Nbd2 Be6 13. Nf1 d5 14. exd5 Bxd5 15.
Nxe5 Re8 16. Bg5 Rc8 17. f4 h6 18. Bh4 Bd6 19. Ne3 Bxe5 20. fxe5 Rxe5 21. Qf1
Be6 22. Bg3 Rg5 23. Bf4 Rh5 24. Bd1 g5 25. Bg3 g4 26. Qf2 Ne5 27. Rf1 Kg7 28.
Bc2 Ng6 29. Rad1 Nd5 30. d4 Nxe3 31. Qxe3 Qg5 32. Qf2 Kg8 33. b3 cxd4 34. Rde1
Bd5 35. Qxd4 Be6 36. Qd6 Re8 37. b4 1-0

[Event "7MCR_4D_2L_1S"]
[Site "?"]
[Date "2006.??.??"]
[Round "?"]
[White "Cipka, Ivan"]
[Black "Kubecek, Jan"]
[Result "1/2-1/2"]
[WhiteElo "2000"]
[BlackElo "1931"]
[PlyCount "49"]
[EventDate "2006.??.??"]
[EventType "corr"]
[EventRounds "2"]

1. e4 c5 2. Nf3 e6 3. d4 cxd4 4. Nxd4 Nc6 5. Nc3 d6 6. Be3 Nf6 7. Qd2 Be7 8. f3
O-O 9. O-O-O a6 10. g4 Nxd4 11. Bxd4 b5 12. Kb1 Bb7 13. h4 Rc8 14. h5 b4 15.
Na4 d5 16. Nb6 Rc6 17. h6 g6 18. e5 Ne8 19. Qe3 f6 20. f4 fxe5 21. fxe5 Bg5 22.
Qg1 Nc7 23. Na4 Nb5 24. Bc5 Rf4 25. Be3 1/2-1/2

[Event "7MCR_4D_2L_1S"]
[Site "?"]
[Date "2006.??.??"]
[Round "?"]
[White "Cipka, Ivan"]
[Black "Voboril, Pavel"]
[Result "1-0"]
[WhiteElo "2000"]
[BlackElo "2004"]
[PlyCount "43"]
[EventDate "2006.??.??"]
[EventType "corr"]
[EventRounds "2"]

1. e4 c5 2. Nf3 d6 3. d4 cxd4 4. Nxd4 Nf6 5. Nc3 g6 6. Be3 Bg7 7. f3 Nc6 8. Qd2
Bd7 9. O-O-O Rc8 10. g4 Ne5 11. Kb1 h5 12. g5 Nh7 13. f4 Nc4 14. Bxc4 Rxc4 15.
Qd3 Qc8 16. Ndb5 a6 17. Bd4 Bxd4 18. Nxd4 b5 19. Rhe1 O-O 20. Nd5 Qd8 21. Ne3
Rc7 22. f5 1-0

[Event "7MCR_4D_2L_1S"]
[Site "?"]
[Date "2006.??.??"]
[Round "?"]
[White "Houdek, Vladimir"]
[Black "Brichacek, Milan"]
[Result "1-0"]
[WhiteElo "2146"]
[BlackElo "2117"]
[PlyCount "119"]
[EventDate "2006.??.??"]
[EventType "corr"]
[EventRounds "2"]

1. e4 e5 2. Nf3 Nc6 3. Bb5 a6 4. Ba4 Nf6 5. O-O Be7 6. Re1 b5 7. Bb3 O-O 8. h3
d6 9. c3 Bb7 10. d4 Re8 11. Nbd2 Bf8 12. a4 h6 13. Bc2 Qd7 14. d5 Ne7 15. Nb3
c6 16. dxc6 Nxc6 17. Be3 b4 18. c4 Qe6 19. Nfd2 Nd7 20. Qg4 Qxg4 21. hxg4 a5
22. g3 Nc5 23. Red1 Be7 24. f3 Ne6 25. Kf2 Ncd4 26. Bxd4 exd4 27. Rh1 Bf6 28.
Bd3 Nc5 29. Nxc5 dxc5 30. Nb3 Rec8 31. Rh5 Be7 32. e5 Rc7 33. f4 Ra7 34. g5
hxg5 35. Bh7+ Kf8 36. Be4 Ke8 37. Rh8+ Kd7 38. Bxb7 Rcxb7 39. f5 f6 40. Re1 Kc6
41. e6 Bd6 42. Rc8+ Kb6 43. Kf3 Rc7 44. Rb8+ Rcb7 45. Rd8 Be7 46. Rg8 Bd6 47.
g4 g6 48. fxg6 Rg7 49. Rd8 Kc7 50. Rh8 Kc6 51. Ke4 Rxg6 52. Kf5 Rgg7 53. Kxf6
Kb6 54. Nd2 Rgc7 55. Ne4 Be7+ 56. Kf5 Rc6 57. Nxg5 Rac7 58. Ne4 Rc8 59. Reh1 d3
60. R1h7 1-0

[Event "7MCR_4D_2L_1S"]
[Site "?"]
[Date "2006.??.??"]
[Round "?"]
[White "Houdek, Vladimir"]
[Black "Cipka, Ivan"]
[Result "0-1"]
[WhiteElo "2146"]
[BlackElo "2000"]
[PlyCount "68"]
[EventDate "2006.??.??"]
[EventType "corr"]
[EventRounds "2"]

1. e4 e5 2. Nf3 Nf6 3. Nc3 Nc6 4. Bc4 Nxe4 5. Nxe4 d5 6. Bd3 dxe4 7. Bxe4 Bd6
8. c3 Ne7 9. d4 f5 10. Bc2 e4 11. Nd2 Be6 12. Bb3 Nd5 13. Nc4 Bf4 14. O-O O-O
15. Bxf4 Nxf4 16. g3 Nh3+ 17. Kg2 Ng5 18. h4 Nf7 19. Ne3 Bxb3 20. Qxb3 f4 21.
Nd5 f3+ 22. Kh2 c6 23. Ne3 Qd7 24. Rad1 b5 25. c4 a6 26. c5 Rfe8 27. Rd2 a5 28.
a4 bxa4 29. Qc2 Rab8 30. Ra1 Rb3 31. Ra3 g5 32. hxg5 Rxe3 33. fxe3 Nxg5 34.
Qc4+ Kg7 0-1

[Event "7MCR_4D_2L_1S"]
[Site "?"]
[Date "2006.??.??"]
[Round "?"]
[White "Houdek, Vladimir"]
[Black "Kubecek, Jan"]
[Result "0-1"]
[WhiteElo "2146"]
[BlackElo "1931"]
[PlyCount "62"]
[EventDate "2006.??.??"]
[EventType "corr"]
[EventRounds "2"]

1. e4 c5 2. Nf3 e6 3. d4 cxd4 4. Nxd4 Nc6 5. Nc3 d6 6. Be2 Nf6 7. O-O Be7 8.
Be3 O-O 9. f4 e5 10. Nb3 a5 11. a4 Nb4 12. Qd2 Be6 13. Rac1 Rc8 14. f5 Rxc3 15.
bxc3 Nxe4 16. Qe1 Nxc2 17. Rxc2 Bxb3 18. Rb2 Bxa4 19. Bb6 Qc8 20. c4 Bd7 21.
Qxa5 Bxf5 22. Qb4 Bd7 23. Bf3 Bc6 24. Be3 f5 25. Rbb1 Qe6 26. Rbd1 f4 27. Bb6
Nf6 28. Rde1 e4 29. Bd4 Ng4 30. Qb1 e3 31. Qd1 Bxf3 0-1

[Event "7MCR_4D_2L_1S"]
[Site "?"]
[Date "2006.??.??"]
[Round "?"]
[White "Houdek, Vladimir"]
[Black "Voboril, Pavel"]
[Result "1/2-1/2"]
[WhiteElo "2146"]
[BlackElo "2004"]
[PlyCount "34"]
[EventDate "2006.??.??"]
[EventType "corr"]
[EventRounds "2"]

1. e4 c5 2. Nf3 Nc6 3. Nc3 g6 4. d4 cxd4 5. Nxd4 Bg7 6. Be3 Nf6 7. Bc4 d6 8.
O-O Ng4 9. Nxc6 bxc6 10. Bd2 Ne5 11. Be2 O-O 12. Be3 Rb8 13. Rb1 Qc7 14. f4 Nd7
15. Qd2 Rd8 16. a3 Qa5 17. b4 Qc7 1/2-1/2

[Event "7MCR_4D_2L_1S"]
[Site "?"]
[Date "2006.??.??"]
[Round "?"]
[White "Kubecek, Jan"]
[Black "Brichacek, Milan"]
[Result "1/2-1/2"]
[WhiteElo "1931"]
[BlackElo "2117"]
[PlyCount "63"]
[EventDate "2006.??.??"]
[EventType "corr"]
[EventRounds "2"]

1. d4 d5 2. c4 dxc4 3. Nf3 a6 4. e3 e6 5. Bxc4 c5 6. O-O Nf6 7. Bd3 b6 8. dxc5
Bxc5 9. Qe2 Bb7 10. a3 O-O 11. b4 Bd6 12. Rd1 e5 13. e4 Nc6 14. Bg5 h6 15. Bh4
Qe7 16. Nbd2 b5 17. Nf1 Nd4 18. Nxd4 exd4 19. f3 Rac8 20. Qd2 Rfe8 21. Re1 Qd8
22. Rad1 Rc7 23. Bg3 Nh5 24. e5 Be7 25. Be4 Nxg3 26. Nxg3 Bc8 27. Qb2 Rc4 28.
Bd3 Rc6 29. Ne2 Qb6 30. Kh1 Rd8 31. Bb1 Rc4 32. Bd3 1/2-1/2

[Event "7MCR_4D_2L_1S"]
[Site "?"]
[Date "2006.??.??"]
[Round "?"]
[White "Kubecek, Jan"]
[Black "Cipka, Ivan"]
[Result "1/2-1/2"]
[WhiteElo "1931"]
[BlackElo "2000"]
[PlyCount "50"]
[EventDate "2006.??.??"]
[EventType "corr"]
[EventRounds "2"]

1. d4 d5 2. c4 dxc4 3. Nf3 b5 4. e3 c6 5. a4 e6 6. b3 Nf6 7. axb5 cxb5 8. bxc4
bxc4 9. Bxc4 Bd6 10. Nc3 O-O 11. O-O a5 12. Qb3 Nc6 13. Ba3 Bxa3 14. Qxa3 Nb4
15. Rfc1 Bb7 16. Ne5 Nd7 17. Nxd7 Qxd7 18. Na4 Qc6 19. Bf1 Qd6 20. Nc5 Bc6 21.
Qb2 Rfb8 22. Qc3 h5 23. Ra3 h4 24. Qa1 Qd5 25. h3 Qg5 1/2-1/2

[Event "7MCR_4D_2L_1S"]
[Site "?"]
[Date "2006.??.??"]
[Round "?"]
[White "Kubecek, Jan"]
[Black "Houdek, Vladimir"]
[Result "1/2-1/2"]
[WhiteElo "1931"]
[BlackElo "2146"]
[PlyCount "68"]
[EventDate "2006.??.??"]
[EventType "corr"]
[EventRounds "2"]

1. d4 d5 2. c4 dxc4 3. Nf3 Nf6 4. Nc3 c6 5. a4 Bf5 6. e3 e6 7. Bxc4 Nbd7 8. O-O
h6 9. a5 Be7 10. Re1 Ne4 11. Bd3 Ndf6 12. a6 b6 13. Bxe4 Nxe4 14. Ne5 O-O 15.
Nxc6 Qc7 16. Nxe7+ Qxe7 17. f3 Nxc3 18. bxc3 Qc7 19. e4 Bg6 20. Qd3 Rfd8 21.
Ba3 Rac8 22. Bb4 f6 23. Rac1 Qd7 24. f4 Kh7 25. Ra1 Kg8 26. Qg3 Kh7 27. Re3 Qb5
28. Qf3 Rd7 29. e5 f5 30. Bd6 Be8 31. Qf2 Rf7 32. Qc2 Rc4 33. Qd1 Bc6 34. Rg3
Kg8 1/2-1/2

[Event "7MCR_4D_2L_1S"]
[Site "?"]
[Date "2006.??.??"]
[Round "?"]
[White "Kubecek, Jan"]
[Black "Voboril, Pavel"]
[Result "1-0"]
[WhiteElo "1931"]
[BlackElo "2004"]
[PlyCount "39"]
[EventDate "2006.??.??"]
[EventType "corr"]
[EventRounds "2"]

1. d4 Nf6 2. c4 e6 3. Nc3 Bb4 4. Qc2 d6 5. Nf3 O-O 6. Bg5 h6 7. Bh4 c5 8. a3
Bxc3+ 9. Qxc3 cxd4 10. Nxd4 e5 11. Nb5 g5 12. Bg3 Nc6 13. h4 a6 14. hxg5 Ne4
15. Qe3 Qxg5 16. Qxe4 axb5 17. Bh4 Qf5 18. Qxf5 Bxf5 19. g4 Bh7 20. Bf6 1-0

[Event "7MCR_4D_2L_1S"]
[Site "?"]
[Date "2006.??.??"]
[Round "?"]
[White "Voboril, Pavel"]
[Black "Brichacek, Milan"]
[Result "0-1"]
[WhiteElo "2004"]
[BlackElo "2117"]
[PlyCount "52"]
[EventDate "2006.??.??"]
[EventType "corr"]
[EventRounds "2"]

1. e4 e6 2. d4 d5 3. Nc3 Bb4 4. e5 c5 5. a3 Bxc3+ 6. bxc3 Ne7 7. Nf3 h6 8. h4
b6 9. Bb5+ Bd7 10. Be2 Qc7 11. O-O Nbc6 12. Re1 Na5 13. a4 O-O 14. dxc5 bxc5
15. g4 Rfb8 16. h5 Nec6 17. Bd3 c4 18. Bf1 Nb7 19. g5 hxg5 20. Bxg5 Nc5 21. Be3
Ne4 22. Bd4 Rb2 23. Re3 Ne7 24. Nh4 Rab8 25. Bg2 Nf5 26. Nxf5 exf5 0-1

[Event "7MCR_4D_2L_1S"]
[Site "?"]
[Date "2006.??.??"]
[Round "?"]
[White "Voboril, Pavel"]
[Black "Cipka, Ivan"]
[Result "0-1"]
[WhiteElo "2004"]
[BlackElo "2000"]
[PlyCount "34"]
[EventDate "2006.??.??"]
[EventType "corr"]
[EventRounds "2"]

1. e4 e5 2. Nf3 Nf6 3. d3 Nc6 4. c3 d5 5. Qc2 Be7 6. Bg5 Be6 7. Be2 h6 8. Bxf6
gxf6 9. Nbd2 Rg8 10. g3 Qd7 11. Nh4 O-O-O 12. a3 f5 13. exf5 Bxf5 14. Nxf5 Qxf5
15. b4 Rd6 16. b5 Nd8 17. O-O h5 0-1

[Event "7MCR_4D_2L_1S"]
[Site "?"]
[Date "2006.??.??"]
[Round "?"]
[White "Voboril, Pavel"]
[Black "Houdek, Vladimir"]
[Result "0-1"]
[WhiteElo "2004"]
[BlackElo "2146"]
[PlyCount "42"]
[EventDate "2006.??.??"]
[EventType "corr"]
[EventRounds "2"]

1. e4 e5 2. Nf3 Nc6 3. Bb5 a6 4. Ba4 Nf6 5. O-O Be7 6. Bxc6 dxc6 7. d3 Nd7 8.
Nbd2 O-O 9. Nc4 f6 10. d4 exd4 11. Qxd4 Ne5 12. Ncxe5 Qxd4 13. Nxd4 fxe5 14.
Nb3 Be6 15. Na5 Rab8 16. Be3 Bd6 17. Rfd1 Bb4 18. Nb3 b6 19. c3 Be7 20. Rd2 Bd6
21. Nc1 c5 0-1

[Event "7MCR_4D_2L_1S"]
[Site "?"]
[Date "2006.??.??"]
[Round "?"]
[White "Voboril, Pavel"]
[Black "Kubecek, Jan"]
[Result "0-1"]
[WhiteElo "2004"]
[BlackElo "1931"]
[PlyCount "38"]
[EventDate "2006.??.??"]
[EventType "corr"]
[EventRounds "2"]

1. e4 c5 2. Nc3 d6 3. f4 g6 4. Nf3 Bg7 5. Bb5+ Bd7 6. Qe2 Nc6 7. O-O Nf6 8. d3
O-O 9. Bxc6 Bxc6 10. Bd2 b5 11. a4 b4 12. Nd1 Qd7 13. a5 Rab8 14. c4 Ne8 15.
Be3 Rc8 16. Qc2 f5 17. Nf2 Nc7 18. Nd2 Ne6 19. Nh3 Nd4 0-1

[Event "7MCR_4D_2L_2S"]
[Site "?"]
[Date "2006.??.??"]
[Round "?"]
[White "Ertl, Lubos"]
[Black "Goc, Pavel"]
[Result "1-0"]
[WhiteElo "1771"]
[BlackElo "2106"]
[PlyCount "63"]
[EventDate "2006.??.??"]
[EventType "corr"]
[EventRounds "2"]

1. e4 e5 2. Nf3 Nc6 3. Bb5 a6 4. Ba4 Nf6 5. O-O Be7 6. Re1 b5 7. Bb3 d6 8. c3
O-O 9. d4 Bg4 10. Be3 exd4 11. cxd4 Na5 12. Bc2 c5 13. h3 Bxf3 14. Qxf3 Nc4 15.
dxc5 dxc5 16. Nc3 Nxb2 17. e5 Nd7 18. Bh6 Re8 19. Qg4 Bf8 20. Bg5 Qc8 21. Bf5
Ra7 22. Nd5 Qb7 23. e6 fxe6 24. Rxe6 Rxe6 25. Bxe6+ Kh8 26. Qf5 Bd6 27. Re1 Nf8
28. Ne7 Ra8 29. Bd5 Qb8 30. Re4 Bxe7 31. Rxe7 Ng6 32. Rxg7 1-0

[Event "7MCR_4D_2L_2S"]
[Site "?"]
[Date "2006.??.??"]
[Round "?"]
[White "Ertl, Lubos"]
[Black "Hruby, Jaromil"]
[Result "0-1"]
[WhiteElo "1771"]
[BlackElo "2053"]
[PlyCount "98"]
[EventDate "2006.??.??"]
[EventType "corr"]
[EventRounds "2"]

1. e4 c5 2. Nf3 d6 3. d4 cxd4 4. Nxd4 Nf6 5. Nc3 a6 6. Bg5 e6 7. f4 Qb6 8. Nb3
Be7 9. Qf3 Nbd7 10. O-O-O Qc7 11. Bd3 b5 12. Bxf6 Nxf6 13. e5 Bb7 14. Qg3 Nh5
15. Qg4 g6 16. exd6 Bxd6 17. f5 Nf4 18. Bxb5+ Kf8 19. Qh4 Nxg2 20. Qd4 Bf4+ 21.
Kb1 Kg8 22. fxe6 axb5 23. Nc5 fxe6 24. Nxe6 Qe7 25. Nxf4 Nxf4 26. Qxf4 Bxh1 27.
Rxh1 Rf8 28. Qg4 Rf7 29. h4 b4 30. Nd5 Qe5 31. Nxb4 Rf4 32. Qc8+ Kg7 33. Qd7+
Rf7 34. Qd5 Qf6 35. Nd3 Rd8 36. Qe5 Qxe5 37. Nxe5 Rf4 38. Nd3 Rg4 39. b4 Rdd4
40. h5 Rh4 41. Rxh4 Rxh4 42. hxg6 h5 43. a4 Rd4 44. a5 h4 45. a6 Rd6 46. b5 Rd5
47. c4 Rxd3 48. a7 Ra3 49. b6 h3 0-1

[Event "7MCR_4D_2L_2S"]
[Site "?"]
[Date "2006.??.??"]
[Round "?"]
[White "Ertl, Lubos"]
[Black "Nigrin, Jiri"]
[Result "1/2-1/2"]
[WhiteElo "1771"]
[BlackElo "2004"]
[PlyCount "104"]
[EventDate "2006.??.??"]
[EventType "corr"]
[EventRounds "2"]

1. e4 c5 2. Nf3 Nc6 3. d4 cxd4 4. Nxd4 Nf6 5. Nc3 e5 6. Ndb5 d6 7. Nd5 Nxd5 8.
exd5 Nb8 9. c4 a6 10. Nc3 Be7 11. Bd3 O-O 12. O-O f5 13. f3 Bg5 14. Bxg5 Qxg5
15. f4 exf4 16. Qe2 Kh8 17. Rae1 h6 18. Qd2 Nd7 19. Na4 Rb8 20. Qb4 f3 21. Rxf3
Qf6 22. Rf4 Ne5 23. Be2 b6 24. Nc3 Qe7 25. Ref1 Qc7 26. Ne4 Rd8 27. Nf2 Kg8 28.
Qd2 g5 29. Rd4 f4 30. Qc3 b5 31. cxb5 Qxc3 32. bxc3 axb5 33. Rb4 Bd7 34. h4 Ra8
35. Ra1 Bf5 36. hxg5 hxg5 37. Rxb5 Ra3 38. Bf1 Kg7 39. Rb3 Rda8 40. Rb6 g4 41.
Rb4 g3 42. Ne4 Bxe4 43. Rxe4 Rf8 44. c4 Kg6 45. c5 f3 46. gxf3 Nxf3+ 47. Kg2
Ng5 48. Rg4 Rf2+ 49. Kg1 dxc5 50. Rd1 Raxa2 51. Rxg3 Kf5 52. d6 Rfd2 1/2-1/2

[Event "7MCR_4D_2L_2S"]
[Site "?"]
[Date "2006.??.??"]
[Round "?"]
[White "Ertl, Lubos"]
[Black "Svoboda, Frantisek"]
[Result "1-0"]
[WhiteElo "1771"]
[BlackElo "1997"]
[PlyCount "75"]
[EventDate "2006.??.??"]
[EventType "corr"]
[EventRounds "2"]

1. e4 Nc6 2. d4 d5 3. Nc3 e5 4. dxe5 d4 5. Nd5 f5 6. exf6 Nxf6 7. Bg5 Be6 8.
Bxf6 gxf6 9. Bc4 Bf7 10. Nf3 Bg7 11. Nh4 O-O 12. Nf5 Kh8 13. O-O a5 14. f4 Bg6
15. Qg4 Qd7 16. Rad1 Rad8 17. Rd3 Bxf5 18. Qxf5 Qxf5 19. exf5 b5 20. Bxb5 Rxd5
21. Bxc6 Rxf5 22. Rxd4 Rc5 23. Ba4 f5 24. Rd7 Bxb2 25. g3 Bc3 26. Kg2 Rf6 27.
Rfd1 Bb4 28. R1d3 Rd6 29. R3xd6 cxd6 30. Bb3 Rc8 31. Kh3 Rf8 32. Kh4 Bc5 33.
Kg5 Bg1 34. h4 Bf2 35. h5 Bxg3 36. Be6 Bf2 37. h6 Bd4 38. Bxf5 1-0

[Event "7MCR_4D_2L_2S"]
[Site "?"]
[Date "2006.??.??"]
[Round "?"]
[White "Goc, Pavel"]
[Black "Ertl, Lubos"]
[Result "1/2-1/2"]
[WhiteElo "2106"]
[BlackElo "1771"]
[PlyCount "64"]
[EventDate "2006.??.??"]
[EventType "corr"]
[EventRounds "2"]

1. e4 e5 2. Nf3 Nf6 3. Nxe5 d6 4. Nf3 Nxe4 5. d4 d5 6. Bd3 Nc6 7. O-O Be7 8.
Re1 Bg4 9. c3 f5 10. Qb3 O-O 11. Nbd2 Kh8 12. h3 Bh5 13. Qxb7 Rf6 14. Qb3 Rg6
15. Be2 Rb8 16. Qd1 Re6 17. Nxe4 fxe4 18. Ng5 Bxg5 19. Bxh5 Bxc1 20. Qxc1 Rf6
21. b3 Qd6 22. Qd2 Rbf8 23. Rf1 Ne7 24. c4 dxc4 25. bxc4 Nf5 26. Rad1 c5 27. d5
Qa6 28. Rc1 Nd4 29. Bd1 Rf4 30. Rc3 Kg8 31. a4 Qg6 32. Qe3 R8f6 1/2-1/2

[Event "7MCR_4D_2L_2S"]
[Site "?"]
[Date "2006.??.??"]
[Round "?"]
[White "Goc, Pavel"]
[Black "Hruby, Jaromil"]
[Result "1/2-1/2"]
[WhiteElo "2106"]
[BlackElo "2053"]
[PlyCount "43"]
[EventDate "2006.??.??"]
[EventType "corr"]
[EventRounds "2"]

1. e4 e5 2. Nf3 Nc6 3. d4 exd4 4. c3 d5 5. exd5 Qxd5 6. cxd4 Bg4 7. Be2 Bb4+ 8.
Nc3 Bxf3 9. Bxf3 Qc4 10. Bxc6+ bxc6 11. Qb3 Qxb3 12. axb3 a5 13. Ke2 Ne7 14.
Bg5 Kd7 15. Kd3 Nd5 16. Kc4 Nb6+ 17. Kd3 c5 18. dxc5 Bxc5 19. Rhe1 Bb4 20. Re4
Rhe8 21. Rc1 Rxe4 22. Nxe4 1/2-1/2

[Event "7MCR_4D_2L_2S"]
[Site "?"]
[Date "2006.??.??"]
[Round "?"]
[White "Goc, Pavel"]
[Black "Nigrin, Jiri"]
[Result "1/2-1/2"]
[WhiteElo "2106"]
[BlackElo "2004"]
[PlyCount "49"]
[EventDate "2006.??.??"]
[EventType "corr"]
[EventRounds "2"]

1. e4 c5 2. Nf3 Nc6 3. d4 cxd4 4. Nxd4 Nf6 5. Nc3 e5 6. Ndb5 d6 7. Bg5 a6 8.
Na3 b5 9. Bxf6 gxf6 10. Nd5 Bg7 11. c3 f5 12. exf5 Bxf5 13. Nc2 O-O 14. Nce3
Be6 15. Bd3 f5 16. O-O e4 17. Nf4 Bf7 18. Bc2 Be5 19. g3 Bxf4 20. gxf4 Qf6 21.
Bb3 Bxb3 22. Qxb3+ Kh8 23. Kh1 Qh6 24. Qd5 Rac8 25. Nc2 1/2-1/2

[Event "7MCR_4D_2L_2S"]
[Site "?"]
[Date "2006.??.??"]
[Round "?"]
[White "Goc, Pavel"]
[Black "Svoboda, Frantisek"]
[Result "1-0"]
[WhiteElo "2106"]
[BlackElo "1997"]
[PlyCount "41"]
[EventDate "2006.??.??"]
[EventType "corr"]
[EventRounds "2"]

1. e4 Nc6 2. d4 d5 3. Nc3 e5 4. dxe5 d4 5. Nd5 f5 6. Bg5 Qxg5 7. Nxc7+ Kd8 8.
Nf3 Qg4 9. Nxa8 Bd7 10. Qd2 Bc5 11. exf5 Qxf5 12. Bd3 Qf8 13. O-O Kc8 14. Be4
Kb8 15. c3 Kxa8 16. cxd4 Bb4 17. Qd3 Qe7 18. Rac1 Nh6 19. Rfd1 Ba5 20. Bxc6
Bxc6 21. d5 1-0

[Event "7MCR_4D_2L_2S"]
[Site "?"]
[Date "2006.??.??"]
[Round "?"]
[White "Hruby, Jaromil"]
[Black "Ertl, Lubos"]
[Result "1-0"]
[WhiteElo "2053"]
[BlackElo "1771"]
[PlyCount "143"]
[EventDate "2006.??.??"]
[EventType "corr"]
[EventRounds "2"]

1. e4 e5 2. Nf3 Nc6 3. Bb5 a6 4. Ba4 Nf6 5. O-O Be7 6. Re1 b5 7. Bb3 d6 8. c3
O-O 9. h3 Na5 10. Bc2 c5 11. d4 Qc7 12. Nbd2 cxd4 13. cxd4 Nc6 14. Nb3 a5 15.
Be3 a4 16. Nbd2 Nb4 17. Bb1 Bd7 18. a3 Nc6 19. Qe2 Qb7 20. Bd3 Rab8 21. b3 exd4
22. Nxd4 axb3 23. Rab1 d5 24. Rxb3 Na5 25. Rbb1 dxe4 26. Bxb5 Qd5 27. a4 Bc5
28. Nc2 Bxb5 29. axb5 Rfe8 30. b6 Qd6 31. Rb5 Bxe3 32. Nxe3 Nb7 33. Ndc4 Qc6
34. Reb1 Re6 35. Nf5 Rd8 36. Na5 Qd7 37. Qb2 h6 38. Qc3 Kh7 39. Qc7 Nxa5 40.
Rxa5 Ree8 41. Qxd7 Rxd7 42. Ra7 g6 43. Rxd7 Nxd7 44. Nd6 Re6 45. Nc8 Nb8 46. b7
Rc6 47. g4 Kg7 48. Rd1 Rc7 49. Nd6 Kf8 50. Rb1 Re7 51. Kg2 Re6 52. Rd1 Ke7 53.
Nc8+ Ke8 54. h4 e3 55. fxe3 Rxe3 56. h5 Re2+ 57. Kg3 Re3+ 58. Kf4 Rb3 59. Nd6+
Ke7 60. Ke5 gxh5 61. gxh5 Kd7 62. Nxf7+ Kc7 63. Kf6 Nd7+ 64. Kg7 Rg3+ 65. Kxh6
Nf6 66. Rf1 Ng4+ 67. Kh7 Kxb7 68. Rf5 Kc7 69. Kg7 Re3 70. Rg5 Re4 71. Kg6 Ra4
72. Ne5 1-0

[Event "7MCR_4D_2L_2S"]
[Site "?"]
[Date "2006.??.??"]
[Round "?"]
[White "Hruby, Jaromil"]
[Black "Goc, Pavel"]
[Result "1/2-1/2"]
[WhiteElo "2053"]
[BlackElo "2106"]
[PlyCount "57"]
[EventDate "2006.??.??"]
[EventType "corr"]
[EventRounds "2"]

1. e4 e5 2. Nf3 Nc6 3. Bb5 a6 4. Ba4 Nf6 5. O-O Be7 6. Re1 b5 7. Bb3 d6 8. c3
O-O 9. h3 Na5 10. Bc2 c5 11. d4 Qc7 12. Nbd2 cxd4 13. cxd4 Bb7 14. d5 Rac8 15.
Bb1 Nh5 16. Nf1 Nf4 17. Bxf4 exf4 18. Bd3 Bf6 19. Qd2 Nc4 20. Bxc4 Qxc4 21.
Qxf4 Bxd5 22. Rac1 Qb4 23. a3 Qa4 24. Rxc8 Rxc8 25. Qxd6 Be6 26. e5 Rd8 27. Qb6
Be7 28. Rc1 Rd3 29. Rc7 1/2-1/2